000 00573nam a2200193Ia 4500
003 IEPS
005 20250703135251.0
008 250223s9999||||xx |||||||||||||| ||und||
040 _CIEPS
041 _aara
082 _a370.15
100 _aف . مادوس جورج
245 0 _aتقييم تعلم الطالب التجميعي والتكويني
260 _aالقاهرة
_bدار ماكجر وهيل للنشر
_c1971
300 _a417 ص.
_bغلاف ملون
_c24 سم
653 _aالتعليم
700 _aس . بلوم بنيامين
942 _cكتاب
999 _c11831
_d11831